000 00408nam a22001577a 4500
003 OSt
005 20160510133534.0
008 160510b xxu||||| |||| 00| 0 eng d
020 _a0136109594
040 _cN/A
100 _aScarborough Norman .M.
245 _aEssential of entrepreurship and small business management
250 _a6th ed
260 _aNew York
_bPrentice Hall
_c2010
942 _2lcc
_cBK
999 _c253450
_d253449